Statistics for The Largest Deserts on Earth

Click here to take the quiz!

General Stats

  • This quiz has been taken 20 times
  • The average score is 6 of 10

Answer Stats

Square Miles (Millions)DesertDesert Type% Correct
3.5Sahara DesertSubtropical
100%
5.5Antarctic DesertPolar
95%
5.4Arctic DesertPolar
95%
0.5Gobi DesertCold Winter
89%
0.22Kalahari DesertSubtropical
74%
1.0Arabian DesertSubtropical
53%
0.19Great Basin DesertCold Winter
26%
0.25Great Victoria DesertSubtropical
26%
0.26Patagonian DesertCold Winter
26%
0.19Syrian DesertSubtropical
16%

Score Distribution

Percentile by Number Answered

Percent of People with Each Score

Your Score History

You have not taken this quiz